Environmental science (Record no. 28637)

000 -LEADER
fixed length control field 00619nam a2200217 a 4500
001 - CONTROL NUMBER
control field 28637
003 - CONTROL NUMBER IDENTIFIER
control field BD-DhUET
008 - FIXED-LENGTH DATA ELEMENTS--GENERAL INFORMATION
fixed length control field 930607s1994 caua b 001 0 eng
020 ## - INTERNATIONAL STANDARD BOOK NUMBER
International Standard Book Number 080534215X
040 ## - CATALOGING SOURCE
Original cataloging agency DLC
Transcribing agency DLC
Modifying agency BD-DhUET
082 00 - DEWEY DECIMAL CLASSIFICATION NUMBER
Classification number 363.7
Item number CHI/1994
100 1# - MAIN ENTRY--PERSONAL NAME
Personal name Chiras, Daniel D.
245 10 - TITLE STATEMENT
Title Environmental science
Remainder of title action for a sustainable future
250 ## - EDITION STATEMENT
Edition statement 4th ed.
260 ## - PUBLICATION, DISTRIBUTION, ETC. (IMPRINT)
Place of publication, distribution, etc. Redwood City
Name of publisher, distributor, etc. Benjamin/Cummings Publishing
Date of publication, distribution, etc. 1994
300 ## - PHYSICAL DESCRIPTION
Extent xxiv, 611 p.
Other physical details ill.
Dimensions 28 cm.
504 ## - BIBLIOGRAPHY, ETC. NOTE
Bibliography, etc Includes bibliographies
650 #0 - SUBJECT ADDED ENTRY--TOPICAL TERM
Topical term or geographic name as entry element Environmental sciences
650 #0 - SUBJECT ADDED ENTRY--TOPICAL TERM
Topical term or geographic name as entry element Sustainable development
942 ## - ADDED ENTRY ELEMENTS (KOHA)
Koha item type General Book
Holdings
Koha date last seen Shelving location Sublocation or collection (holding branch) Lost status Source of classification or shelving scheme Koha item type Withdrawn status Piece designation (barcode) Date acquired Not for loan Damaged status Koha full call number Koha normalized classification for sorting Copy number Price effective from Location (home branch)
2015-06-13Reading sectionCentral Library, BUET  General Book 905892015-06-13  363.7/CHI/1994363_700000000000000_CHI_199412015-06-13Central Library, BUET